[Event "Challenge"]
[Site "http://www.queenalice.com/game.php?id=621992"]
[Date "2009.7.20"]
[Round "-"]
[White "lukanov"]
[Black "knight401"]
[Result "1-0"]
[WhiteElo "1886"]
[BlackElo "1312"]

1. e4 e5 2. Nf3 Nc6 3. Bc4 Nf6 4. Nc3 Be7 5. d3 d6 6. h3 O-O 7. Be3 Re8 8. Qd2
Be6 9. Bxe6 fxe6 10. g4 Bf8 11. Bg5 d5 12. Qe2 h6 13. Bh4 Bb4 14. a3 Bxc3+ 15.
bxc3 1-0

[Event "Challenge"]
[Site "http://www.queenalice.com/game.php?id=655972"]
[Date "2009.9.21"]
[Round "-"]
[White "lukanov"]
[Black "uschmidi"]
[Result "0-1"]
[WhiteElo "1911"]
[BlackElo "1966"]

1. e4 c5 2. Nf3 Nc6 3. c3 d6 4. d4 e6 5. Bb5 Bd7 6. O-O Qb6 7. a4 a6 8. Be2 Nf6
9. Qd3 Be7 10. d5 exd5 11. exd5 Na5 12. Nbd2 Nb3 13. Nxb3 Qxb3 14. c4 Bxa4 15.
Qxb3 Bxb3 16. Ra3 Bc2 17. Bg5 O-O 18. Bxf6 Bxf6 19. b3 Rfe8 20. Bd1 Bg6 21. Ra2
Bd3 22. Re1 Rxe1+ 23. Nxe1 Bg6 24. Bc2 Re8 25. Kf1 Bc3 0-1

[Event "AUTO-ADV-1490"]
[Site "http://www.queenalice.com/game.php?id=660915"]
[Date "2009.10.1"]
[Round "1"]
[White "lukanov"]
[Black "Teutonik"]
[Result "0-1"]
[WhiteElo "1872"]
[BlackElo "1636"]

1. d4 e6 2. c4 d5 3. e3 c5 4. Nf3 Nf6 5. cxd5 exd5 6. Bb5+ Bd7 7. Bxd7+ Nbxd7 8.
O-O Be7 9. Nc3 O-O 10. h3 Bd6 11. Re1 Bb8 12. e4 dxe4 13. Nxe4 cxd4 14. Qxd4
Nxe4 15. Qxe4 Qc7 16. Ng5 g6 17. Nxh7 Kxh7 18. Qh4+ Kg8 19. Bh6 Rd8 20. Rac1
Qh2+ 21. Kf1 Qh1+ 22. Ke2 Qxg2 23. Qxd8+ Kh7 24. Qh4 Nb6 25. Bf8+ Kg8 0-1

[Event "AUTO-ADV-1490"]
[Site "http://www.queenalice.com/game.php?id=660916"]
[Date "2009.10.1"]
[Round "1"]
[White "Teutonik"]
[Black "lukanov"]
[Result "0-1"]
[WhiteElo "1651"]
[BlackElo "1905"]

1. b3 e6 2. Bb2 d5 3. Nf3 Nc6 4. e3 Nf6 5. Be2 Bd6 6. O-O O-O 7. c4 e5 8. cxd5
Nxd5 9. Nc3 Nxc3 10. Bxc3 e4 11. Nd4 Qh4 12. g3 Qh6 13. Re1 Ne5 14. f4 exf3 15.
Nxf3 Nxf3+ 16. Bxf3 Bf5 17. e4 Bc5+ 18. Kh1 Be6 19. d4 Rfd8 20. Bd2 Rxd4 21. Re2
Rad8 22. Qc2 Rxd2 23. Rxd2 Rxd2 24. Qxc5 Qxh2# 0-1

[Event "AUTO-ADV-1493"]
[Site "http://www.queenalice.com/game.php?id=662499"]
[Date "2009.10.4"]
[Round "1"]
[White "lukanov"]
[Black "Meckerkopp"]
[Result "0-1"]
[WhiteElo "1884"]
[BlackElo "1990"]

1. d4 c5 2. e4 cxd4 3. c3 dxc3 4. Nxc3 e5 5. Nf3 Bb4 6. Bd2 d6 7. Bb5+ Bd7 8.
Bxd7+ Qxd7 9. O-O Bxc3 10. Bxc3 Nc6 11. Qb3 b6 12. Rad1 f6 13. Rd2 Qf7 0-1

[Event "AUTO-ADV-1493"]
[Site "http://www.queenalice.com/game.php?id=662500"]
[Date "2009.10.4"]
[Round "1"]
[White "Meckerkopp"]
[Black "lukanov"]
[Result "1-0"]
[WhiteElo "1977"]
[BlackElo "1897"]

1. e4 c5 2. Nf3 Nc6 3. d4 cxd4 4. Nxd4 e5 5. Nxc6 bxc6 6. Nc3 Nf6 7. Qf3 Bb4 8.
Bg5 O-O 9. a3 Be7 10. Bxf6 Bxf6 11. Bd3 d6 12. Rd1 Be6 13. O-O 1-0

[Event "AUTO-ADV-1493"]
[Site "http://www.queenalice.com/game.php?id=662503"]
[Date "2009.10.4"]
[Round "1"]
[White "lukanov"]
[Black "REUSKING"]
[Result "0-1"]
[WhiteElo "1833"]
[BlackElo "1914"]

1. e4 e5 2. Nf3 Nf6 3. Nxe5 d6 4. Nf3 Nxe4 5. d3 Nf6 6. Nc3 Be7 7. Bg5 O-O 8.
Bxf6 Bxf6 9. Be2 Nc6 10. O-O Bf5 11. Ne4 Re8 12. Nxf6+ Qxf6 13. c3 Re7 14. Re1
Rae8 15. h3 Ne5 16. Qd2 h6 17. Nxe5 Rxe5 0-1

[Event "AUTO-ADV-1493"]
[Site "http://www.queenalice.com/game.php?id=662504"]
[Date "2009.10.4"]
[Round "1"]
[White "REUSKING"]
[Black "lukanov"]
[Result "1-0"]
[WhiteElo "1900"]
[BlackElo "1847"]

1. e4 e5 2. Nf3 Nc6 3. d4 exd4 4. Nxd4 d6 5. Nxc6 bxc6 6. Bc4 d5 7. exd5 Bb7 8.
dxc6 Qxd1+ 9. Kxd1 Bxc6 10. Re1+ Be7 11. f3 Rd8+ 12. Ke2 Nf6 13. Be3 Ra8 14. Nc3
O-O 15. Rad1 Rfd8 16. Rxd8+ Bxd8 17. Rd1 Be7 18. Nd5 1-0